|
|
|
|
| LEADER |
00786cam a2200229 7i4500 |
| 001 |
0000064887 |
| 005 |
20211223090000.0 |
| 020 |
|
|
|a 9781846191275 (pbk)
|
| 090 |
0 |
0 |
|a RD701
|b H39 2007
|
| 100 |
1 |
|
|a Hays, Richard
|
| 245 |
1 |
0 |
|a Research degrees for health professionals
|c Richard Hays.
|
| 264 |
|
|
|a boca Raton:
|b CRC Press,
|c 2007.
|
| 300 |
|
|
|a 1 online resource (127 pages):
|b illustrations, text file, PDF.
|
| 336 |
|
|
|a text
|2 rdacontent
|
| 337 |
|
|
|a computer
|2 rdamedia
|
| 338 |
|
|
|a online resource
|2 rdacarrier
|
| 650 |
0 |
0 |
|a Education, Medical, Graduate
|
| 655 |
0 |
0 |
|a electronic books
|
| 856 |
4 |
2 |
|u http://library.unisel.edu.my/web/guest/mylibrary
|
| 997 |
|
|
|a Health Sciences, Faculty
|
| 998 |
|
|
|a Biomedical Science, Degree
|
| 999 |
|
|
|a EBO0009567
|b EBOOK
|c EBOOK
|e Electronic resources
|